| 000 | 00588nam a2200205 a 4500 | ||
|---|---|---|---|
| 005 | 20210219152911.0 | ||
| 008 | 991125n 000 0 spa u | ||
| 035 | _aUPN01000066278 | ||
| 100 | _aSALAS NEUMANN, Ema | ||
| 222 | _aPERSPECTIVA EDUCACIONAL | ||
| 245 | _aBreve retrospectiva histórica a la educación de la mujer en el país desde mediados del siglo XIX | ||
| 300 | _a109-115 | ||
| 362 | _a1996 No. 26, mar. | ||
| 653 | 0 | _aCHILE (PAIS) | |
| 653 | 0 | _aHISTORIA | |
| 653 | 0 | _aMUJERES | |
| 653 | 0 | _aOPORTUNIDADES EDUCATIVAS | |
| 904 |
_aAC _b004089 |
||
| 905 | _aArticulo | ||
| 999 |
_c63418 _d63418 |
||